000 01305nam a2200241Ia 4500
999 _c40444
_d40444
001 7053
003 GE_BSU
005 20231003153600.0
008 181216s2012||||ge |||||||||||||| ||geo||
020 _a9789941198229 (ტ5)
040 _cGE_BSU
041 _ageo
080 _a821.353.1-32 გ-19
100 _aგამსახურდია, კონსტანტინე
_919985
245 _aრჩეული ნაწარმოებები : 6 ტომად. ტ. 5, დიდოსტატის კონსტანტინეს მარჯვენა :.
_b რომანი /
_cკონსტანტინე გამსახურდია ; სარედ. ჯგუფი : ზურაბ აბაშიძე, მანანა ჯანელიძე, ირმა ხარშილაძე ; გარეკანის დიზაინერი ეთერ გზირიშვილი.
264 _aთბილისი :
_bპალიტრა L,
_c2012.
300 _a488 გვ. ;
_c19 სმ.
490 _aჩემი რჩეული
_xISSN 2233-3037
541 _h10ლ.
653 _aდიდოსტატის კონსტანტინეს მარჯვენა
653 _aრომანი
942 _cBK
_2udc